000 00393nam a2200169Ia 4500
008 230524s9999 xx 000 0 und d
020 _a9780070656147
082 _a658345
_bKHA
100 _aM Y Khan
245 0 _aFinancial Services
250 _a4TH
260 _aNEW DELHI
_bTMH
_c2008
300 _aXXII;16.27
500 _aQuantity Number: 15
650 _aManagement
942 _cBK
999 _c43198
_d43198